Διεθνής πρακτική υποχρεώσεων σε αναμονή : ISP98 = International standby practices : ISP98

Αποθηκεύτηκε σε:
Λεπτομέρειες βιβλιογραφικής εγγραφής
Συλλογικό Έργο: International Chamber of Commerce, Ένωση Ελληνικών Τραπεζών, Ινστιτούτο Διεθνούς Τραπεζικού Δικαίου και Πρακτικής
Άλλοι συγγραφείς: Μανιάτη, Αλεξάνδρα (trlf)
Μορφή: Βιβλίο
Γλώσσα:Greek
English
Δημοσίευση: Αθήνα : Διεθνές Εμπορικό Επιμελητήριο, Ένωση Ελληνικών Τραπεζών, Ινστιτούτο Διεθνούς Τραπεζικού Δικαίου και Πρακτικής, c1998.
Θέματα:
Ετικέτες: Προσθήκη ετικέτας
Δεν υπάρχουν, Καταχωρήστε ετικέτα πρώτοι!

MARC

LEADER 00000cam a2200000 i 4500
001 1/21371
008 010918s1998 gr | ||| |||| ||gre||
020 |a 9284212472 
035 |l 10067283 
040 |a GR-MyUA  |b gre  |e AACR2 
041 1 |a gre  |h eng 
082 0 |a 341.7511 
110 2 |a International Chamber of Commerce. 
245 1 0 |a Διεθνής πρακτική υποχρεώσεων σε αναμονή :   |b ISP98 = International standby practices : ISP98 /   |c απόδοση στα ελληνικά Αλεξάνδρα Μανιάτη.  
260 |a Αθήνα :   |b Διεθνές Εμπορικό Επιμελητήριο,   |b Ένωση Ελληνικών Τραπεζών,   |b Ινστιτούτο Διεθνούς Τραπεζικού Δικαίου και Πρακτικής,   |c c1998.  
300 |a 152 σ.  
500 |a Έκδοση ΔΕΕ Νο. 590 
500 |a Τίτλος πρωτοτύπου: International standby practices.  
504 |a Περιλαμβάνει ευρετήριο.  
650 0 0 |a Banks and banking, International  |x Law and legislation. 
650 0 0 |a Banks and banking, Foreign  |x Law and legislation. 
650 0 0 |a International finance  |x Law and legislation. 
650 0 0 |a Balance of payments. 
700 1 |a Μανιάτη, Αλεξάνδρα,  |e trlf 
710 2 |a Ένωση Ελληνικών Τραπεζών. 
710 2 |a Ινστιτούτο Διεθνούς Τραπεζικού Δικαίου και Πρακτικής. 
852 |a INST  |b CHIOS  |e 20010918  |h 341.7511 INT  |p 005200020968  |q 005200020968  |t BK  |y 0 
901 |a BIBL2-2001-3 
909 |a Χ  |b 083967 
970 |a ΣΑΛΑΜΟΥΡΑ  |b ΜΑΡΙΑ  |z 2001/09/18